Statistics for Billboard artists #5: 2023 Top artists

Click here to take the quiz!

General Stats

  • This quiz has been taken 29 times
  • The average score is 7 of 20

Answer Stats

HintAnswer% Correct
1Taylor Swift
96%
4Drake
81%
7The Weeknd
65%
9Miley Cyrus
54%
14Harry Styles
50%
16Olivia Rodrigo
50%
2Morgan Wallen
46%
20Beyonce
42%
15Bad Bunny
35%
13Travis Scott
35%
6Zach Bryan
35%
821 Savage
27%
3SZA
27%
10Post Malone
23%
5Luke Combs
19%
11Metro Boomin
19%
12Peso Pluma
15%
18Rod Wave
12%
19Lil Baby
8%
17Bailey Zimmerman
4%

Score Distribution

Percentile by Number Answered

Percent of People with Each Score

Your Score History

You have not taken this quiz